NCLEX-RN review / (Record no. 10889)

MARC details
000 -LEADER
fixed length control field 00792nam a22002537i 4500
003 - CONTROL NUMBER IDENTIFIER
control field URS
005 - DATE AND TIME OF LATEST TRANSACTION
control field 20220120175530.0
008 - FIXED-LENGTH DATA ELEMENTS--GENERAL INFORMATION
fixed length control field 170403b xxu||||| |||| 00| 0 eng d
020 ## - INTERNATIONAL STANDARD BOOK NUMBER
International Standard Book Number 9780071484312
040 ## - CATALOGING SOURCE
Description conventions rda
Transcribing agency URS
Language of cataloging English
050 ## - LIBRARY OF CONGRESS CALL NUMBER
Classification number RT55
Item number .H87n 2008
100 ## - MAIN ENTRY--PERSONAL NAME
Personal name Hurst, Marlene.,
Relator term author.
9 (RLIN) 1038
245 ## - TITLE STATEMENT
Title NCLEX-RN review /
Statement of responsibility, etc Marlene Hurst.
264 #1 - PUBLICATION, DISTRIBUTION, ETC. (IMPRINT)
Place of publication, distribution, etc Singapore :
Name of publisher, distributor, etc McGraw-Hills Education (Asia),
Date of publication, distribution, etc ©2008.
300 ## - PHYSICAL DESCRIPTION
Extent xi, 610 pages :
Other physical details illustrations ;
Dimensions 27 cm.
336 ## - CONTENT TYPE
Content type term text
Content type code txt
Source rdacontent
337 ## - MEDIA TYPE
Media type term unmediated
Media type code n
Source rdamedia
338 ## - CARRIER TYPE
Carrier type term volume
Carrier type code nc
Source rdacarrier
440 ## - SERIES STATEMENT/ADDED ENTRY--TITLE
Title Hurst reviews.
500 ## - GENERAL NOTE
General note Includes index.
650 #0 - SUBJECT ADDED ENTRY--TOPICAL TERM
Topical term or geographic name as entry element Nursing care
Form subdivision Examinations, questions, etc.
9 (RLIN) 1039
650 ## - SUBJECT ADDED ENTRY--TOPICAL TERM
Topical term or geographic name as entry element Nursing
Form subdivision Examination questions.
942 ## - ADDED ENTRY ELEMENTS (KOHA)
Source of classification or shelving scheme Library of Congress Classification
Koha item type Foreign Books
Holdings
Withdrawn status Lost status Source of classification or shelving scheme Damaged status Not for loan Collection code Home library Current library Shelving location Date acquired Source of acquisition Total Checkouts Full call number Barcode Date last seen Copy number Price effective from Koha item type
    Library of Congress Classification     Non-fiction Taytay College Library Taytay College Library New Materials Shelf 07/20/2009 Purchase   RT55 .H87n 2008 URSTAY-1678 06/05/2025 1 07/20/2009 Foreign Books
    Library of Congress Classification     Non-fiction Taytay College Library Taytay College Library New Materials Shelf 07/20/2009 Purchase   RT55 .H87n 2008 URSTAY-1679 06/05/2025 2 07/20/2009 Foreign Books
    Library of Congress Classification     Non-fiction Taytay College Library Taytay College Library New Materials Shelf 07/20/2009 Purchase   RT55 .H87n 2008 URSTAY-1680 06/05/2025 3 07/20/2009 Foreign Books
    Library of Congress Classification     Non-fiction Taytay College Library Taytay College Library New Materials Shelf 07/20/2009 Purchase   RT55 .H87n 2008 URSTAY-1685 06/05/2025 4 07/20/2009 Foreign Books

University of Rizal System
Email us at univlibservices@urs.edu.ph

Visit our Website www.urs.edu.ph/library